[Event "Memorial Pedro Lezcano Montalvo 2015"]
[Site "Gran Canaria ESP"]
[Date "2015.04.02"]
[Round "5.10"]
[White "Menvielle Laccourreye, Augusto"]
[Black "Kvisvik, Brede"]
[Result "0-1"]
[WhiteElo "2131"]
[BlackElo "2273"]
[PlyCount "120"]
[EventDate "2015.03.30"]
[EventType "swiss"]
[EventRounds "9"]
[EventCountry "ESP"]
[Source "lmi"]
[SourceDate "2015.03.30"]

1. e4 c5 2. Nf3 e6 3. c3 d5 4. e5 Nc6 5. d4 Bd7 6. Be2 Rc8 7. O-O a6 8. dxc5
Bxc5 9. Bd3 Nge7 10. Qe2 Ng6 11. Re1 Ba7 12. Bg5 Qc7 13. Bc1 Bb8 14. Bxg6 fxg6
15. Bf4 O-O 16. Qe3 h6 17. Bg3 Ba7 18. Qd3 Ne7 19. Na3 g5 20. Nd4 Qb6 21. Re2
Nf5 22. Rd2 Bb8 23. Re1 Be8 24. f3 Nxd4 25. cxd4 Rf7 26. h4 gxh4 27. Bxh4 Rf5
28. Bf2 Bg6 29. Rc2 Rcf8 30. Qc3 R5f7 31. Qc5 Qd8 32. Rc3 Rc7 33. Qa5 Rxc3 34.
Qxc3 Rf7 35. Rc1 Rc7 36. Qd2 Qc8 37. Rxc7 Qxc7 38. Be3 b5 39. Qb4 Ba7 40. Kf2
Bb6 41. Qc3 Qxc3 42. bxc3 Bd8 43. Bc1 Be7 44. Ke2 b4 45. cxb4 Bxb4 46. Bb2 Kf7
47. Kd1 Bd3 48. Nc2 Ba5 49. Ne3 Kg6 50. Ba3 Bb1 51. Kc1 Bxa2 52. Kb2 Bc4 53.
Nxc4 dxc4 54. Kc2 h5 55. Be7 Kf5 56. Bf8 g5 57. Ba3 g4 58. fxg4+ hxg4 59. Bc5
Ke4 60. Ba7 Bb4 0-1

[Event "Memorial Pedro Lezcano Montalvo 2015"]
[Site "Gran Canaria ESP"]
[Date "2015.04.02"]
[Round "5.11"]
[White "Lopez Pereyra, Antonio"]
[Black "De La Cruz Sanchez, Carlos G"]
[Result "0-1"]
[WhiteElo "2111"]
[BlackElo "2266"]
[PlyCount "90"]
[EventDate "2015.03.30"]
[EventType "swiss"]
[EventRounds "9"]
[EventCountry "ESP"]
[Source "lmi"]
[SourceDate "2015.03.30"]

1. e4 e6 2. d4 d5 3. Nc3 Nf6 4. e5 Nfd7 5. Nce2 c5 6. c3 cxd4 7. cxd4 f6 8. f4
fxe5 9. fxe5 Bb4+ 10. Kf2 O-O+ 11. Nf3 Nc6 12. h4 Ndxe5 13. dxe5 Nxe5 14. Nf4
Ng4+ 15. Kg3 Nf6 16. Bd3 Bd6 17. Ng5 g6 18. Be2 Qc7 19. Rf1 h6 20. Ngh3 g5 21.
Kh2 gxf4 22. Bxf4 Bxf4+ 23. Nxf4 Ng4+ 24. Bxg4 Rxf4 25. g3 Rxf1 26. Qxf1 Qc2+
27. Kh3 e5 28. Qf6 Bxg4+ 29. Kxg4 Qc8+ 30. Kh5 Qe8+ 31. Kxh6 Qc6 32. Qg6+ Kh8
33. Qxc6 bxc6 34. Rc1 e4 35. Rxc6 Re8 36. Rc7 e3 37. Kg6 Re6+ 38. Kf5 Re4 39.
Rc8+ Kg7 40. Rc7+ Kf8 41. Rc1 e2 42. Re1 Re7 43. h5 d4 44. h6 d3 45. Rc1 e1=Q
0-1

[Event "Memorial Pedro Lezcano Montalvo 2015"]
[Site "Gran Canaria ESP"]
[Date "2015.04.02"]
[Round "5.13"]
[White "Rodriguez Mellado, Antonio"]
[Black "Angel Acosta, Juan Carlos"]
[Result "0-1"]
[WhiteElo "1953"]
[BlackElo "2170"]
[PlyCount "66"]
[EventDate "2015.03.30"]
[EventType "swiss"]
[EventRounds "9"]
[EventCountry "ESP"]
[Source "lmi"]
[SourceDate "2015.03.30"]

1. e4 c6 2. d4 d5 3. e5 c5 4. c3 Nc6 5. Nf3 cxd4 6. cxd4 Bg4 7. Bb5 Qb6 8. Nc3
e6 9. O-O Nge7 10. Be3 Rc8 11. Be2 Nf5 12. Qa4 Be7 13. Qb5 Qxb5 14. Nxb5 a6 15.
Nc3 Bxf3 16. Bxf3 Ncxd4 17. Bxd4 Nxd4 18. Bg4 Rc4 19. Rac1 h5 20. Bd1 Bb4 21.
Ba4+ b5 22. Bb3 Rc5 23. Kh1 O-O 24. Bd1 Rfc8 25. Bxh5 Bxc3 26. bxc3 Rxc3 27.
Rxc3 Rxc3 28. Rd1 Nc6 29. f4 g6 30. Bf3 Nb4 31. a4 bxa4 32. h4 a3 33. Ra1 Nd3
0-1

[Event "Memorial Pedro Lezcano Montalvo 2015"]
[Site "Gran Canaria ESP"]
[Date "2015.04.02"]
[Round "5.15"]
[White "Garcia Blanco, Omar"]
[Black "Vila Cairo, Gerard"]
[Result "1-0"]
[WhiteElo "2270"]
[BlackElo "1984"]
[PlyCount "69"]
[EventDate "2015.03.30"]
[EventType "swiss"]
[EventRounds "9"]
[EventCountry "ESP"]
[Source "lmi"]
[SourceDate "2015.03.30"]

1. e4 c5 2. c3 e6 3. d4 d5 4. exd5 Qxd5 5. Nf3 Nc6 6. Na3 a6 7. Nc4 cxd4 8.
cxd4 b5 9. Ne3 Qe4 10. a3 Nce7 11. Bd3 Qb7 12. O-O Nf6 13. a4 b4 14. Nc4 Ned5
15. Nfe5 Be7 16. Qf3 O-O 17. Qh3 Bd7 18. Bg5 Rad8 19. Rfc1 g6 20. Na5 Qa8 21.
Nac6 Bxc6 22. Nxc6 Rd7 23. Nxe7+ Rxe7 24. Qh4 Kg7 25. Bh6+ Kg8 26. Bxf8 Kxf8
27. Rc5 Kg7 28. Rac1 Qe8 29. Rc6 Nc3 30. Rxa6 Nxa4 31. d5 Nxd5 32. Qd4+ f6 33.
Ra1 Rd7 34. R6xa4 Nc3 35. Ra7 1-0